| 000 | 00621nam a2200181Ia 4500 | ||
|---|---|---|---|
| 008 | 090630s9999 xx 000 0 und d | ||
| 082 | _b27295 | ||
| 100 | _aशिंदे प्रफुल्ल. | ||
| 245 |
_aस्त्री हरी. _cशिंदे प्रफुल्ल. |
||
| 260 |
_bशांती - पुणे. _c2005 |
||
| 300 | _a264 | ||
| 600 | _aशिंदे प्रफुल्ल. | ||
| 630 | _aस्त्री हरी. | ||
| 655 | _aकादंबरी. | ||
| 700 | _aशिंदे प्रफुल्ल. | ||
| 730 | _aस्त्री हरी. | ||
| 942 | _cBOOK | ||
| 999 |
_c279151 _d279151 |
||